000 01435cam a22001814a 4500
005 20250605164349.0
008 250528s ||||||||||||||||||||||||d
035 _a24088
040 _aGR-AtMCL
_bgre
_dGR-AtMCL
_eAACR2
245 1 _aΗ Καινοτόμος Μικρομεσαία Επιχειρηματικότητα ως Μέσο Ανάσχεσης της Ανεργίας / Στις Συμπληγάδες μεταξύ Δ.Ν.Τ. και Γερμανίας - Η Θ.Ε.Α. στο Σαφάρι των Startup
260 _bΕμπορικό Και Βιομηχανικό Επιμελητήριο Αθηνών,
_c2014
300 _a64
520 _aΕπίσκεψη Εμπορικής Αποστολής από την Κίνα στο Ε.Β.Ε.Α., Η Τουρκία Αποτελεί Σήμερα μια από τις Κορυφαίες Αγορές για τις Ελληνικές Εξαγωγές, Εκσυγχρονισμός του Πλαισίου Κανόνων για τις Δημόσιες Συμβάσεις Παραχώρησης, Παιχνίδι για Γερά Νεύρα για Αξιολόγηση - Επόμενη Μέρα - Χρέος, Γη και Ύδωρ Ζητούν από την Ελλάδα οι Πιστωτές, Αλλαγές στις Εντάξεις στο Σχέδιο Πόλεως.
700 1 _aΜίχαλος Κωνσταντίνος
_94319
942 _cCR
999 _c8987
_d8987